|
|
|
|
| LEADER |
00000cas a2200000 c 4500 |
| 001 |
224843184 |
| 003 |
DE-627 |
| 005 |
20260207121438.0 |
| 007 |
tu |
| 008 |
970224d19942002gw z| m| 0 |0ger c |
| 016 |
7 |
|
|a 018592163
|2 DE-101
|
| 016 |
7 |
|
|a 1360417-X
|2 DE-600
|
| 035 |
|
|
|a (DE-627)224843184
|
| 035 |
|
|
|a (DE-576)043523501
|
| 035 |
|
|
|a (DE-599)ZDB1360417-X
|
| 035 |
|
|
|a (OCoLC)85397028
|
| 040 |
|
|
|a DE-627
|b ger
|c DE-627
|e rakwb
|
| 041 |
|
|
|a ger
|
| 044 |
|
|
|c XA-DE
|
| 082 |
0 |
4 |
|a 300
|q DE-101
|
| 082 |
0 |
4 |
|a 300
|a 360
|a 340
|q DE-600
|
| 084 |
|
|
|a 1
|2 ssgn
|
| 110 |
2 |
|
|a Deutschland
|b Bundesministerium für Familie, Senioren, Frauen und Jugend
|e VerfasserIn
|0 (DE-588)2143493-1
|0 (DE-627)183820878
|0 (DE-576)195037340
|4 aut
|
| 245 |
1 |
0 |
|a Schriftenreihe des Bundesministeriums für Familie, Senioren, Frauen und Jugend
|
| 264 |
3 |
1 |
|a Baden-Baden
|b Nomos-Verl.
|c 1994-2002
|
| 264 |
2 |
1 |
|a Stuttgart
|a Berlin
|a Köln
|b Kohlhammer
|c anfangs
|
| 336 |
|
|
|a Text
|b txt
|2 rdacontent
|
| 337 |
|
|
|a ohne Hilfsmittel zu benutzen
|b n
|2 rdamedia
|
| 338 |
|
|
|a Band
|b nc
|2 rdacarrier
|
| 362 |
0 |
|
|a Nachgewiesen 27.1995 - 233.2002; damit Ersch. eingest.
|
| 363 |
0 |
0 |
|a 27
|i 1995
|
| 363 |
1 |
0 |
|i 2002
|a 233
|
| 515 |
|
|
|a Springende Ersch.-Jahre; unregelmäßig
|
| 591 |
|
|
|a IIA!(04-04-06)
|
| 655 |
|
7 |
|a Monografische Reihe
|0 (DE-588)4179998-7
|0 (DE-627)104628669
|0 (DE-576)209995106
|2 gnd-content
|
| 780 |
0 |
0 |
|i Vorg.
|a Deutschland. Bundesministerium für Familie und Senioren
|t Schriftenreihe / Bundesministerium für Familie und Senioren
|d Stuttgart : Kohlhammer, 1991
|w (DE-627)186449011
|w (DE-600)1235341-3
|w (DE-576)027616002
|k Non-Electronic
|
| 780 |
0 |
0 |
|i Vorg.
|a Deutschland. Bundesministerium für Frauen und Jugend
|t Schriftenreihe des Bundesministeriums für Frauen und Jugend
|d Stuttgart : Kohlhammer, 1991
|w (DE-627)131040340
|w (DE-600)1099101-3
|w (DE-576)026897962
|k Non-Electronic
|
| 787 |
0 |
8 |
|i 117,1=Repr. von 1; 117,2=Repr. von 2; 117,3=3 von
|t Gleichberechtigung von Frauen und Männern - Wirklichkeit und Einstellung in der Bevölkerung
|d Stuttgart : Kohlhammer, 1992
|w (DE-627)182449785
|w (DE-600)1207625-9
|w (DE-576)048512826
|
| 889 |
|
|
|w (DE-603)033435944
|
| 889 |
|
|
|w (DE-576)115226613
|
| 889 |
|
|
|w (DE-576)391913980
|
| 889 |
|
|
|w (DE-576)480523800
|
| 889 |
|
|
|w (DE-576)480528063
|
| 889 |
|
|
|w (DE-627)1185226613
|
| 889 |
|
|
|w (DE-627)1871374774
|
| 935 |
|
|
|a mteo
|
| 935 |
|
|
|i sdedup20220908
|
| 936 |
s |
n |
|a m200
|2 mzub
|
| 951 |
|
|
|a ST
|
| ELC |
|
|
|b 1
|
| LOK |
|
|
|0 000 xxxxxcx a22 zn 4500
|
| LOK |
|
|
|0 001 2248643225
|
| LOK |
|
|
|0 003 DE-627
|
| LOK |
|
|
|0 004 224843184
|
| LOK |
|
|
|0 005 20151005153238
|
| LOK |
|
|
|0 008 960925||||||||||||||||ger|||||||
|
| LOK |
|
|
|0 040
|a DE-21
|c DE-627
|d DE-21
|
| LOK |
|
|
|0 852
|a DE-21
|
| LOK |
|
|
|0 852 1
|9 00
|
| LOK |
|
|
|0 935
|a opus
|a krim
|
| LOK |
|
|
|0 939
|a 1996-09-25
|b l01
|
| LOK |
|
|
|0 000 xxxxxcx a22 zn 4500
|
| LOK |
|
|
|0 001 2248643233
|
| LOK |
|
|
|0 003 DE-627
|
| LOK |
|
|
|0 004 224843184
|
| LOK |
|
|
|0 005 20010501000000
|
| LOK |
|
|
|0 008 980713||||||||||||||||ger|||||||
|
| LOK |
|
|
|0 040
|a DE-21-31
|c DE-627
|d DE-21-31
|
| LOK |
|
|
|0 852
|a DE-21-31
|
| LOK |
|
|
|0 852 1
|c Einzelsignatur
|m p
|9 00
|
| LOK |
|
|
|0 938
|k p
|
| LOK |
|
|
|0 939
|a 1998-07-13
|b l01
|
| LOK |
|
|
|0 000 xxxxxcx a22 zn 4500
|
| LOK |
|
|
|0 001 2248643241
|
| LOK |
|
|
|0 003 DE-627
|
| LOK |
|
|
|0 004 224843184
|
| LOK |
|
|
|0 005 20060213151316
|
| LOK |
|
|
|0 008 960905||||||||||||||||ger|||||||
|
| LOK |
|
|
|0 040
|a DE-21-110
|c DE-627
|d DE-21-110
|
| LOK |
|
|
|0 852
|a DE-21-110
|
| LOK |
|
|
|0 852 1
|m p
|9 00
|
| LOK |
|
|
|0 935
|a k110
|
| LOK |
|
|
|0 938
|k p
|
| LOK |
|
|
|0 939
|a 1996-09-05
|b l01
|
| LOK |
|
|
|0 000 xxxxxcx a22 zn 4500
|
| LOK |
|
|
|0 001 224864325X
|
| LOK |
|
|
|0 003 DE-627
|
| LOK |
|
|
|0 004 224843184
|
| LOK |
|
|
|0 005 20051017000000
|
| LOK |
|
|
|0 008 051017||||||||||||||||ger|||||||
|
| LOK |
|
|
|0 040
|a DE-21-37
|c DE-627
|d DE-21-37
|
| LOK |
|
|
|0 852
|a DE-21-37
|
| LOK |
|
|
|0 852 1
|m p
|9 00
|
| LOK |
|
|
|0 938
|k p
|
| LOK |
|
|
|0 939
|a 2005-10-17
|b l01
|
| LOK |
|
|
|0 000 xxxxxcx a22 zn 4500
|
| LOK |
|
|
|0 001 2248643268
|
| LOK |
|
|
|0 003 DE-627
|
| LOK |
|
|
|0 004 224843184
|
| LOK |
|
|
|0 005 20050302000000
|
| LOK |
|
|
|0 008 030916||||||||||||||||ger|||||||
|
| LOK |
|
|
|0 040
|a DE-21-51
|c DE-627
|d DE-21-51
|
| LOK |
|
|
|0 852
|a DE-21-51
|
| LOK |
|
|
|0 852 1
|m p
|9 00
|
| LOK |
|
|
|0 935
|a gesa
|
| LOK |
|
|
|0 938
|k p
|
| LOK |
|
|
|0 939
|a 2003-09-16
|b l01
|
| LOK |
|
|
|0 000 xxxxxcx a22 zn 4500
|
| LOK |
|
|
|0 001 2517742871
|
| LOK |
|
|
|0 003 DE-627
|
| LOK |
|
|
|0 004 224843184
|
| LOK |
|
|
|0 005 20061010121222
|
| LOK |
|
|
|0 008 061010||||||||||||||||ger|||||||
|
| LOK |
|
|
|0 040
|a DE-21-43
|c DE-627
|d DE-21-43
|
| LOK |
|
|
|0 852
|a DE-21-43
|
| LOK |
|
|
|0 852 1
|m p
|9 00
|
| LOK |
|
|
|0 935
|a k043
|a j043
|a kneu
|
| LOK |
|
|
|0 938
|k p
|
| LOK |
|
|
|0 939
|a 2006-10-10
|b l01
|
| LOK |
|
|
|0 000 xxxxxcx a22 zn 4500
|
| LOK |
|
|
|0 001 4427811655
|
| LOK |
|
|
|0 003 DE-627
|
| LOK |
|
|
|0 004 224843184
|
| LOK |
|
|
|0 005 20240214122012
|
| LOK |
|
|
|0 008 231206||||||||||||||||ger|||||||
|
| LOK |
|
|
|0 040
|a DE-21-85
|c DE-627
|d DE-21-85
|
| LOK |
|
|
|0 852
|a DE-21-85
|
| LOK |
|
|
|0 852 1
|m p
|9 00
|
| LOK |
|
|
|0 935
|a isda
|
| LOK |
|
|
|0 938
|k p
|
| LOK |
|
|
|0 939
|a 2023-12-06
|b l67
|
| LOK |
|
|
|0 000 xxxxxcx a22 zn 4500
|
| LOK |
|
|
|0 001 2248642288
|
| LOK |
|
|
|0 003 DE-627
|
| LOK |
|
|
|0 004 224843184
|
| LOK |
|
|
|0 005 19950407000000
|
| LOK |
|
|
|0 008 950407||||||||||||||||ger|||||||
|
| LOK |
|
|
|0 040
|a DE-Frei85
|c DE-627
|d DE-Frei85
|
| LOK |
|
|
|0 852
|a DE-Frei85
|
| LOK |
|
|
|0 852 1
|m p
|9 00
|
| LOK |
|
|
|0 938
|k p
|
| LOK |
|
|
|0 939
|a 1995-04-07
|b l01
|
| ORI |
|
|
|a WA-MARC-krimdokb001.raw
|
| SPR |
|
|
|a 1
|t KRI
|